Magnetoterapia úspešná, no neuznávaná Aj v zapadákove sa môžu diať svetové "zázraky"

Bibliographic Details
Main Authors: Búranová, Bibiána (Author), Chvojka, Jiří (Author)
Format: Article
Language:Slovak
PhysicalDescription:Fot. 2.
Subjects:

MARC

LEADER 00000nab a2200000 a 4500
001 vtls000470688
003 SK-MaSNL
005 20260303001303.0
008 220422c1992 xo 0 slo
015 |a SNBRB19rr/mm-uuuuu 
035 |a CL0470821 
040 |a SNKBUCL  |b slo  |c SNKBUCL  |e AACR2 
041 0 |a slo 
044 |a xo  |c SK 
080 |a 615.83  |2 1981 
100 1 |a Búranová, Bibiána  |4 aut  |9 976481 
245 1 0 |a Magnetoterapia úspešná, no neuznávaná  |b Aj v zapadákove sa môžu diať svetové "zázraky"  |c Bibiána Búranová ; Jiří Chvojka 
300 |b Fot. 2. 
650 0 7 |a magnetoterapia  |2 snkbucl  |9 625058 
655 7 |a články z novín a časopisov  |2 snkbucl  |9 267496 
700 1 |a Chvojka, Jiří  |4 aut  |9 286192 
773 0 |t Denný Telegraf  |g Roč. 1, č. 32 (7. 11. 1992), s. 3 
850 |a Slovenská národná knižnica v Martine  |a MTA001 
852 |a SNK  |b KIS3GCP 
958 |a RK 
958 |a ME 
992 |a RBX 
999 |c 1562721  |d 1564651